Contenido y caracteres jurídicos de la apertura de crédito / (Registro nro. 10246)

Detalles MARC
000 -LEADER
fixed length control field 00721nam a2200217Ia 4500
003 - CONTROL NUMBER IDENTIFIER
control field OSt
005 - DATE AND TIME OF LATEST TRANSACTION
control field 20221207141536.0
008 - FIXED-LENGTH DATA ELEMENTS--GENERAL INFORMATION
fixed length control field 210310s1944 mx fr 000 0 spa d
040 ## - CATALOGING SOURCE
Original cataloging agency CO-JMCR
Transcribing agency CO-JMCR
041 1# - LANGUAGE CODE
Language code of text/sound track or separate title spa
Language code of original ita
082 04 - DEWEY DECIMAL CLASSIFICATION NUMBER
Edition number 23
Classification number 332.7 /
Item number M585c
100 1# - MAIN ENTRY--PERSONAL NAME
Personal name Messineo, Francesco,
9 (RLIN) 16268
Relator term autor
245 10 - TITLE STATEMENT
Title Contenido y caracteres jurídicos de la apertura de crédito /
Statement of responsibility, etc. Francesco Messineo ; traducción de Ezio Cusi M.
260 ## - PUBLICATION, DISTRIBUTION, ETC.
Place of publication, distribution, etc. México :
Name of publisher, distributor, etc. Editorial Jus,
Date of publication, distribution, etc. 1944
300 ## - PHYSICAL DESCRIPTION
Extent 173 páginas ;
Dimensions 17 cm
490 0# - SERIES STATEMENT
Series statement Colección de estudios jurídicos
546 ## - LANGUAGE NOTE
Language note Traducido del italiano
650 14 - SUBJECT ADDED ENTRY--TOPICAL TERM
Topical term or geographic name entry element Crédito
9 (RLIN) 22312
Geographic subdivision México
700 1# - ADDED ENTRY--PERSONAL NAME
Personal name Cusi M., Ezio,
Relator term traductor
9 (RLIN) 42483
942 ## - ADDED ENTRY ELEMENTS (KOHA)
Source of classification or shelving scheme Dewey Decimal Classification
Koha item type Books
Existencias
Withdrawn status Lost status Source of classification or shelving scheme Damaged status Not for loan Home library Current library Date acquired Source of acquisition Full call number Barcode Date last seen Copy number Price effective from Koha item type
    Dewey Decimal Classification     Biblioteca Pública José María del Castillo y Rada Biblioteca Pública José María del Castillo y Rada 03/10/2021 Donación 332.7 / M585c 201811738 05/16/2024 Ej.1 03/10/2021 Books